| 000 | 01017nac a22002897a 4500 | ||
|---|---|---|---|
| 001 | BR8903575 | ||
| 003 | BR-BrBNA | ||
| 005 | 20240105120958.0 | ||
| 008 | 230509b bl.|||m| |||| 00| 0 por d | ||
| 040 |
_aBR-BrBNA _bpor _cBiblioteca Nacional de Agricultura |
||
| 072 | _aF30; F04 | ||
| 090 | _a1480 BR8903575 | ||
| 100 | 1 | _aCosta, N. de L. | |
| 100 | 1 | _aAlves, P.M.P. | |
| 110 | 1 |
_aUnidade de Execucao de Pesquisa de Ambito Estadual de Porto Velho, RO (Brasil) _910373 |
|
| 245 | 1 | _aAvaliacao de cultivares de guandu sob dois niveis de fertilizacao fosfatada em Porto Velho - Rondonia | |
| 260 | 3 |
_aPorto Velho, RO (Brasil): _c1988. |
|
| 300 | _a7 p. | ||
| 490 |
_aComunicado Tecnico - Unidade de Execucao de Pesquisa de Ambito Estadual de Porto Velho (Brazil) _vno. 51 _x |
||
| 650 | _aGUANDU | ||
| 650 | _aCOMPORTAMENTO DE VARIEDADE | ||
| 650 | _aADUBACAO | ||
| 650 | _aFERTILIZANTE FOSFATADO | ||
| 650 | _aPORTO VELHO | ||
| 909 |
_a202312 _bLúcia Elande _c55 _dLúcia Elande |
||
| 942 |
_2AGRIS _n0 _cMS |
||
| 999 |
_c282574 _d282574 |
||